000 00562nam a2200181Ia 4500
003 IN-BaIIA
008 211028s9999 xx 000 0 eng d
020 _a0-19-855682-9
040 _cIIA Library
080 _a535.33:543.42
_bHOR
100 _aHore, P. J.
_919874
245 0 _aNuclear magnetic resonance.
_cP. J. Hore
260 _aOxford
_bOxford University Press
_c1995
300 _av,90p.
650 _aNMR Spectrometer
_919875
650 _aNuclear Magnetic Resonance Spectroscopy
_94770
942 _cBK
999 _c11520
_d11520